| 000 | 00742nam a2200229Ia 4500 | ||
|---|---|---|---|
| 005 | 20260429112316.0 | ||
| 008 | 260429s9999||||xx |||||||||||||| ||und|| | ||
| 020 | _a9789349557406 | ||
| 041 | _aEnglish | ||
| 082 |
_a954 _bJAC |
||
| 100 | _aJackson, A. V. Williams | ||
| 245 | 0 |
_aHistory of India : _bfrom the sixth century B.C. to the Mohammedan conquest, including the invasion of Alexander the great, Vol. 2 / _cA. V. Williams Jackson |
|
| 250 | _a1st ed. | ||
| 260 |
_aNew Delhi : _bB.R. Publishing Corporation, _c2024. |
||
| 300 | _aix, 420 p.; hb | ||
| 440 | _vVol. 2 | ||
| 650 | _a Alexander the Great | ||
| 650 | _a Pre-Islamic India | ||
| 650 | _aIndia-History-Ancient period | ||
| 700 | _a Smith, Vincent | ||
| 942 | _cTB | ||
| 999 |
_c53419 _d53419 |
||